Hard Africa History and Geography Quiz - Statistics

General Stats
  • This quiz has been taken 381 times
  • The average score is 11 of 25
Answer Stats
Hint Answer % Correct
Which country is entirely surrounded by South Africa? Lesotho
98%
Which country was started by freed slaves from the USA? Liberia
96%
The capital of the above country is named after who? James Monroe
81%
Shaka was the leader of which African kingdom in the early 19th century? Zulu
79%
What language is spoken by the most people? Arabic
71%
Which Moroccan city is considered to have the oldest university in the world? Fes
71%
Which King of the Mali Empire was thought to be the richest man who ever existed? Mansa Musa
71%
What is the second highest mountain in Africa? Mount Kenya
66%
What island in South Africa was Nelson Mandela imprisoned on? Robben Island
61%
What is the name of the valley that extends from Djibouti in the North to Tanzania in the South? Great Rift
60%
Which French territory is located between Madagascar and the African mainland? Mayotte
48%
The Victoria Falls are located between which two countries? Zambia and Zimbabwe
46%
What was the colonial name for present day Malawi? Nyasaland
34%
What is the largest lake in Ghana? Lake Volta
33%
What is the name of the lake on the border between Rwanda and the Democratic Republic of the Congo? Lake Kivu
26%
What is the capital of the self-declared independent state of Somaliland? Hargeisa
24%
What is the currency of Ethiopia? Birr
22%
Who was the first European explorer to round the Cape of Good Hope? Bartolomeu Dias
20%
Which war that began in 1998 killed an estimated 5 million people? Second Congo War
14%
Name the strait that connects the Red Sea to the Gulf of Aden Bab al-Mandab
13%
What was the name of the king, and now the area, where the stone churches were built in Ethiopia? Lalibela
12%
What is the main national park in Namibia? Etosha
10%
What is the largest island of the Seychelles archipelago? Mahe
8%
What is the name of the largest island in Cape Verde/Cabo Verde? Santiago
7%
The primatologist Dian Fossey was based in which Rwandan National Park? Volcanoes National Park
2%
No matching quizzes found
Score Distribution
Percent of People with Each Score
Percentile by Number Answered
Your Score History
You have not taken this quiz